zpět

Detail výsledku týmu

Restaurace Mamut, Most

Datum a čas kvízu

36.5 Celkem bodů Celkový počet nahraných bodů na tomto kvízu bez doplňovacích otázek.
2. Pořadí na kvízu Konečné umístění týmu na tomto kvízu.

Zaznamenané odpovědi

# Otázka Odpověď Body Výsledky
1. Která postava má svou sněhovou... Krakonoš 1
2. V bavorském městečku Burgsinn... Penny 1
3. Minulý týden potvrdili konec s... David Prachař; Linda Rybová 1
4. Minulý týden byla na technolog... lízátko (Lollipop Star) 1
5. Minulý týden skončilo juniorsk... Vojtěch Čihař 0
6. Téma o městě, které nikdy nesp... Flatiron (Building)/žehlička 1
7. Seřaďte uvedené události od té... 1A 2B 3D 4C 1
8. Jak si říká tento americký zpě... Lenny Kravitz; New York City 0.5
9. Turisté v NYC míří nejen do di... 1A 2C 3B 4D 1
10. Jak se jmenuje fiktivní město,... Gotham (City); Bronx 0.5